ბათუმის შოთა რუსთაველის სახელმწიფო უნივერსიტეტის ბიბლიოთეკა

კრიმინალისტიკა : (ბიბ.ჩანაწერი № 51375)

000 -ლიდერი
ფიქსირებული სიგრძის საკონტროლო ველი 01262nam a2200265Ia 4500
001 - საკონტროლო ნომერი
საკონტროლო ველი 18358
003 - საკონტროლო ნომრის იდენტიფიკატორი
საკონტროლო ველი GE_BSU
005 - ბოლო ოპერაციის თარიღი და დრო
საკონტროლო ველი 20221004112051.0
008 - ფიქსირებული სიგრძის მონაცემთა ელემენტები - ზოგადი ინფორმაცია
ფიქსირებული სიგრძის საკონტროლო ველი 181216s2015||||ge |||||||||||||| ||geo||
020 ## - წიგნის საერთაშორისო სტანდარტული ნომერი
International Standard Book Number 9789941109690
040 ## - კატალოგიზაციის წყარო
Transcribing agency GE_BSU
041 ## - ენის კოდი
Language code of text/sound track or separate title geo
080 ## - უნივერსალური ათობითი კლასიფიკაციის ინდექსი
Universal Decimal Classification number 343.98 გ-60
100 ## - მთავარი ჩანაწერი - პიროვნების სახელი
Personal name გოგნიაშვილი, ნ.
9 (RLIN) 15001
245 ## - ცნობა სათაურის შესახებ
Title კრიმინალისტიკა :
Remainder of title ძირითადი საკითხები კითხვა-პასუხებით /
Statement of responsibility, etc ნინო გოგნიაშვილი ; რედ. არსენ კალატოზიშვილი ; შსს აკადემია.
264 ## - წარმოების, გამოცემის, დისტრიბუციის და სხვა ცნობები
გამოცემის, წარმოების, დისტრიბუციის... ადგილი თბილისი :
გამოცემის, წარმოების, დისტრიბუციის... სახელწოდება მერიდიანი,
გამოცემის, წარმოების, დისტრიბუციის... თარიღი 2015.
300 ## - ფიზიკური აღწერა
Extent 252 გვ. ;
Other physical details 20 სმ.
504 ## - BIBLIOGRAPHY, ETC. NOTE
Bibliography, etc ბიბლიოგრ.: გვ. 249-251.
520 ## - SUMMARY, ETC.
Summary, etc თავფურ. მე-3 გვ. ინგლ.
653 ## - INDEX TERM--UNCONTROLLED
Uncontrolled term კრიმინალისტიკა
700 ## - ADDED ENTRY--PERSONAL NAME
Personal name კალატოზიშვილი, ა.
Relator term რედაქტორი
9 (RLIN) 15002
710 ## - ADDED ENTRY--CORPORATE NAME
Corporate name or jurisdiction name as entry element შინაგან საქმეთა სამინისტროს აკადემია თბილისი.
9 (RLIN) 15003
942 ## - ADDED ENTRY ELEMENTS (KOHA)
Koha item type წიგნი
Source of classification or shelving scheme
ეგზემპლარები
ჩამოწერის სტატუსი დაკარგული ეგზემპლარის სტატუსი კლასიფიკაციის წყარო ან თაროზე გაწყობის სქემა დაზიანების სტატუსი არ გაიცემა მუდმივი მდებარეობა (დაცვის ადგილი) ამჟამინდელი ადგილსამყოფელი თაროზე განთავსების ადგილი შეძენის თარიღი ღირებულება, შესყიდვის ნორმალური ფასი სრული შენახვის შიფრი შტრიხკოდი ბოლო ოპერაციის თარიღი ეგზემპლარის მიმდევრობითი ნომერი (კეტერი?) ფასის ძალაში შესვლის თარიღი ეგზემპლარის სახეობა საჯარო შენიშვნა პერიოდიკის ნუმერაცია / ქრონოლოგია
          ბათუმის შოთა რუსთაველის სახელმწიფო უნივერსიტეტის მთავარი ბიბლიოთეკა ბათუმის შოთა რუსთაველის სახელმწიფო უნივერსიტეტის მთავარი ბიბლიოთეკა წიგნსაცავი 2018-12-17 30.00 343.98 გ-60 46967 2018-12-17 46967 2018-12-17 წიგნი 30 ლ.  
          ბათუმის შოთა რუსთაველის სახელმწიფო უნივერსიტეტის მთავარი ბიბლიოთეკა ბათუმის შოთა რუსთაველის სახელმწიფო უნივერსიტეტის მთავარი ბიბლიოთეკა წიგნსაცავი 2018-12-17   343.98 გ-60 46968 2018-12-17 46968 2018-12-17 წიგნი 30 ლ. 30.00